00497nam a2200145Ia 4500008004100000020001800041050001800059100002900077245003600106260003000142300001100172650004000183952011100223999001700334120721s9999 xx 000 0 und d a970-07-4238-5 aBJ66 S34 2003 aSanabria, José Rubén aEtica / José Rubén Sanabria aMéxico : Porrúa, 2003 a256 p. a1. Etica - Estudio y EnseñanzaÌ 00104070a08b08d2008-12-17l18m4oBJ66 S34 2003p08 000218r2014-07-22s2014-07-22t1w2012-07-20yLB c81589d81589